Cartas a Josefina
Salvato in:
| Autori principali: | , |
|---|---|
| Natura: | Libro |
| Lingua: | spagnolo |
| Pubblicazione: |
Madrid
Alianza
1988
|
| Serie: | Libros de bolsillo Alianza, 215
|
| Soggetti: | |
| Tags: |
Aggiungi Tag
Nessun Tag, puoi essere il primo ad aggiungerne!!
|
MARC
| LEADER | 00000nam a2200000 a 4500 | ||
|---|---|---|---|
| 001 | UCX1975 | ||
| 003 | CL-VaPUC | ||
| 008 | 901210e19880000SP |||||||||||||||||spa|d | ||
| 082 | 0 | 4 | |a 866 |b HER |2 21 |
| 100 | 0 | |a Hernández, Miguel |e author |9 265382 | |
| 700 | 0 | |a Zardoya, Concha |e author |9 317702 | |
| 245 | 1 | 0 | |a Cartas a Josefina |
| 300 | |a 388 p | ||
| 942 | |c BK | ||
| 945 | |d 19901210 00:00:00 | ||
| 260 | |a Madrid |b Alianza |c 1988 | ||
| 600 | 0 | 7 | |a HERNANDEZ, MIGUEL |2 CL-VaPUC |9 265382 |
| 650 | 7 | |a CORRESPONDENCIAS |2 CL-VaPUC |9 256500 | |
| 583 | |a last modification |c 19901210 00:00:00 |k Rodrigo Vera | ||
| 490 | 0 | |a Libros de bolsillo Alianza, 215 | |
| 999 | |c 223092 |d 223090 | ||
| 952 | |0 0 |1 0 |4 0 |6 866_000000000000000_HER_1988 |7 0 |8 A |9 218557 |a BIBEDU |b BIBEDU |d 2019-11-15 |i 2873699 |l 1 |m 2 |o 866 HER 1988 |p 2873699 |r 2025-04-24 |s 2025-04-10 |w 2019-11-15 |y BK |k LIT | ||